<?xml version="1.0" encoding="UTF-8"?>
<record
    xmlns:xsi="http://www.w3.org/2001/XMLSchema-instance"
    xsi:schemaLocation="http://www.loc.gov/MARC21/slim http://www.loc.gov/standards/marcxml/schema/MARC21slim.xsd"
    xmlns="http://www.loc.gov/MARC21/slim">

  <leader>01319    a2200217   4500</leader>
  <controlfield tag="003">Nust</controlfield>
  <controlfield tag="005">20221212122047.0</controlfield>
  <datafield tag="010" ind1=" " ind2=" ">
    <subfield code="a">   00031346</subfield>
  </datafield>
  <datafield tag="020" ind1=" " ind2=" ">
    <subfield code="a">812970711X</subfield>
  </datafield>
  <datafield tag="040" ind1=" " ind2=" ">
    <subfield code="c">Nust</subfield>
  </datafield>
  <datafield tag="082" ind1="0" ind2="0">
    <subfield code="a">621.3821,RAM</subfield>
  </datafield>
  <datafield tag="100" ind1="1" ind2=" ">
    <subfield code="a">Ramteke, Timothy.</subfield>
    <subfield code="9">104643</subfield>
  </datafield>
  <datafield tag="245" ind1="1" ind2="0">
    <subfield code="a">Networks /</subfield>
    <subfield code="c">Timothy S. Ramteke.</subfield>
  </datafield>
  <datafield tag="250" ind1=" " ind2=" ">
    <subfield code="a">2nd ed.</subfield>
  </datafield>
  <datafield tag="260" ind1=" " ind2=" ">
    <subfield code="a">Upper Saddle River, N.J. :</subfield>
    <subfield code="b">Prentice Hall,</subfield>
    <subfield code="c">c2001.</subfield>
  </datafield>
  <datafield tag="300" ind1=" " ind2=" ">
    <subfield code="a">xiv, 705 p.</subfield>
    <subfield code="b">ill. ;</subfield>
    <subfield code="c">24 cm.</subfield>
  </datafield>
  <datafield tag="505" ind1=" " ind2=" ">
    <subfield code="a"> Welcome to Telecommunication (Page-1), Basics of Data Networking (Page-23), Analog and Digital Signals (Page-48), Transmission Systems (Page-79), Business Systems (Page-79), Residential Network Services (Page-126), LANs : Basic Concepts (Page-140), TCP/IP : Basic Concepts (Page-206), Switching (Page-222), PSTN (Page-236) Wireless Communication and CDMA (Page-261), Private Switched Networks (Page-294), Voice Processing ACDs and CTI (Page-316), T1 Networking (Page-339) SNA (Page-365),  X.25 (Page-396), SS7 (Page-418), ISDN (Page-443), SONET (Page-466), Frame Relay (Page-478), ATM (Page-500), LANS Additional Concepts (Page-519), Bridging and Rounding (Page-563), TCP/ IP Additional Concepts (Page-589), Linux Administration (Page-639), VPNs (Page-672).</subfield>
  </datafield>
  <datafield tag="650" ind1=" " ind2="0">
    <subfield code="a">Computer networks.</subfield>
    <subfield code="9">3677</subfield>
  </datafield>
  <datafield tag="650" ind1=" " ind2="0">
    <subfield code="a">Telecommunication Engineering</subfield>
  </datafield>
  <datafield tag="942" ind1=" " ind2=" ">
    <subfield code="2">ddc</subfield>
    <subfield code="c">BK</subfield>
  </datafield>
  <datafield tag="999" ind1=" " ind2=" ">
    <subfield code="c">182638</subfield>
    <subfield code="d">182638</subfield>
  </datafield>
  <datafield tag="952" ind1=" " ind2=" ">
    <subfield code="0">0</subfield>
    <subfield code="1">0</subfield>
    <subfield code="2">ddc</subfield>
    <subfield code="4">0</subfield>
    <subfield code="7">0</subfield>
    <subfield code="a">MCS</subfield>
    <subfield code="b">MCS</subfield>
    <subfield code="c">GEN</subfield>
    <subfield code="d">2016-12-12</subfield>
    <subfield code="l">1</subfield>
    <subfield code="o">621.3821,RAM</subfield>
    <subfield code="p">MCS32520</subfield>
    <subfield code="r">2025-01-07</subfield>
    <subfield code="s">2024-07-11</subfield>
    <subfield code="w">2016-12-12</subfield>
    <subfield code="y">BK</subfield>
    <subfield code="z">Almirah No.36, Shelf No.2</subfield>
  </datafield>
</record>
